Typový technický projekt automatizovaného systému VTEI

Saved in:
Bibliographic Details
Main Author: Válková, Dana
Format: Book
Language:Czech
Published: Praha Ústředí vědeckých, technických a ekonomických informací 1984
Tags: Add Tag
No Tags, Be the first to tag this record!

MARC

LEADER 00000nam a2200000 4500
001 c023473
005 20251204112738.4
041 0 |a cze 
044 |a CZ 
245 1 0 |a Typový technický projekt automatizovaného systému VTEI  |c Dana Válková 
264 1 |a Praha  |b Ústředí vědeckých, technických a ekonomických informací  |c 1984 
300 |a 40 s. 
100 1 |a Válková, Dana